| 000 | 00402nam a2200145Ia 4500 | ||
|---|---|---|---|
| 008 | 210210b2002 xxu||||| |||| 00| 0 eng d | ||
| 020 | _a81 250 2022 5 | ||
| 082 | _a820.09 DEVI | ||
| 100 | _aDEVY (G N). | ||
| 245 | _aIndian literary criticism; theory and interpretation. | ||
| 260 |
_aHyderabad _bOrient Longman _c2002 |
||
| 300 | _axvi,430 | ||
| 690 | _aIndian Literary Criticism | ||
| 906 | _a058893 | ||
| 999 |
_c106074 _d106074 |
||